000 00504nam a2200121Ia 4500
008 220615s9999||||xx |||||||||||||| ||und||
100 _aBroecher, Joachim
245 0 _aCreating Learning Spaces
_bExperiences from Educational Fields (Edition 1)
546 _aEnglish[eng]
650 _aSocial Science||Sociology||General
856 _uhttps://library.oapen.org/bitstream/20.500.12657/43882/1/external_content.pdf||https://library.oapen.org/bitstream/20.500.12657/43882/1/external_content.pdf
942 _cEB
999 _c11640
_d11640